Cinéma Clic - Qui meurt ou reste en vie dans le film 2012 (de 2009) ? - Statistiques

Statistiques générales
  • Ce quiz a été pris 55 fois
  • Le résultat moyen est 18 sur 25
Statistiques - réponses
Hint Extra Hint Réponse % Correct
Youri Karpov Meurt dans le film
90%
Lilly Curtis Reste en vie dans le film
90%
Lama Rinponche Meurt dans le film
88%
Charlie Frost Meurt dans le film
86%
Noah Curtis Reste en vie dans le film
86%
Satnam Tsurutani Meurt dans le film
84%
Sasha Meurt dans le film
84%
Roland Picard Meurt dans le film
82%
Jackson Curtis Reste en vie dans le film
80%
Oleg Karpov Reste en vie dans le film
80%
Premier ministre italien Meurt dans le film
78%
Alec Karpov Reste en vie dans le film
78%
Le président Thomas Wilson Meurt dans le film
76%
Kate Curtis Reste en vie dans le film
73%
Adrian Helmsley Reste en vie dans le film
71%
Dr Laura Wilson Reste en vie dans le film
71%
Carl Anheuser Reste en vie dans le film
71%
Gordon Silberman Meurt dans le film
67%
Aparni S. Tsurutani Meurt dans le film
67%
Capitaine Michaels Reste en vie dans le film
61%
Nima Reste en vie dans le film
57%
Tamara Jikan Meurt dans le film
51%
Tenzin Reste en vie dans le film
49%
Scotty Reste en vie dans le film
49%
Professeur Frederick West Reste en vie dans le film
47%
Aucun quiz correspondant
Distribution des résultats
% des personnes avec chaque résultat
Percentile par nombre de réponses
Votre historique - résultats
Vous n’avez pas pris ce quiz